| 000 | 00834nam a2200289 b 4500 | ||
|---|---|---|---|
| 001 | 002125638 | ||
| 003 | DO-SdBNP | ||
| 005 | 20231116091955.0 | ||
| 007 | 002125638 | ||
| 008 | 060901s2006 sp | | ||spa | ||
| 017 |
_a _b |
||
| 020 | _a8466629661 | ||
| 040 |
_aBPMSU _bspa _cBPMSU _e |
||
| 082 | 4 |
_a813.5 _bG869r 2006 _222 |
|
| 100 | 1 |
_aGrisham, John, _d1955- |
|
| 245 | 1 | 3 |
_aEl intermediario / _cJohn Grisham ; traducción de Mª Antonia Menini. |
| 260 |
_aBarcelona : _bCírculo de Lectores, _c2006. |
||
| 300 |
_a379 p. ; _c23 cm. |
||
| 534 |
_aTítulo original : _tThe broker |
||
| 586 | _aBest Seller | ||
| 590 | _aInventariado, 2023/VM | ||
| 650 | 4 | _aNovela estadounidense | |
| 700 | 1 |
_4Menini, María Antonia, _etr. |
|
| 830 | 0 | _aBest seller | |
| 910 | _aVMateo V. Control de calidad. BPMSU | ||
| 942 |
_2ddc _cBK |
||
| 999 |
_c10407 _d10407 |
||